Statistics for Every Drake song that hit the Billboard hot 100

Click here to take the quiz!

General Stats

  • This quiz has been taken 48 times
  • The average score is 22 of 162

Answer Stats

Peak Chart PositionYearSong% Correct
22015Hotline Bling
82%
12018God's Plan
70%
12016One Dance
70%
12018Nice For What
50%
72012Take Care
50%
82017Passionfruit
48%
62013Started From The Bottom
41%
162016Controlla
39%
132011Headlines
39%
212011Marvins Room
39%
142010Over
39%
22009Best I Ever Had
36%
42013Hold On, We're Going Home
36%
82017Fake Love
34%
142012The Motto
34%
82009Forever
32%
862016Views
32%
12016Work
32%
142016Too Good
30%
122015Jumpman
25%
132011Moment 4 Life
25%
202013All Me
23%
52018Look Alive
23%
162016Pop Style
23%
672013From Time
20%
622012HYFR (Hell Ya F*****g Right)
20%
652013Pound Cake / Paris Morton Music 2
20%
352017Teenage Fever
20%
492010Up All Night
20%
12010What's My Name?
20%
4520169
18%
382017Blem
18%
872013Come Thru
18%
262015Energy
18%
532016Feel No Ways
18%
532015Know Yourself
18%
152010Miss Me
18%
122014Only
18%
92017Portland
18%
472016With You
18%
5120134422
16%
492016Childs Play
16%
802012Crew Love
16%
752016Fire & Desire
16%
92013Love Me
16%
142017No Frauds
16%
612016Redemption
16%
1002011Shot For Me
16%
402016Still Here
16%
642013Too Much
16%
442016U With Me?
16%
522013Wu-Tang Forever
16%
602017Do Not Disturb
14%
712010Fireworks
14%
332016Hype
14%
522015Legend
14%
92011Make Me Proud
14%
782013Own It
14%
582015Right Hand
14%
282016Sneakin'
14%
142015Truffle Butter
14%
812013Tuscan Leather
14%
102018Walk It Talk It
14%
542016Weston Road Flows
14%
892013Worst Behavior
14%
58201510 Bands
11%
8320156 God
11%
212015Back To Back
11%
522015Big Rings
11%
532015Diamonds Dancing
11%
722016Faithful
11%
252010Fancy
11%
52010Find Your Love
11%
132016For Free
11%
182017Free Smoke
11%
382016Grammys
11%
292017Gyalchester
11%
682016Keep The Family Close
11%
482017KMT
11%
262013Poetic Justice
11%
822015Preach
11%
362017Signs
11%
172009Successful
11%
62016Summer Sixteen
11%
502014Trophies
11%
842015Used To
11%
302011Aston Martin Music
9%
412017Both
9%
822015Change Locations
9%
552016Come And See Me
9%
622015Digital Dash
9%
82013F**kin Problems
9%
542017Glow
9%
102011I'm On One
9%
642017Lose You
9%
402017No Long Talk
9%
62010Right Above It
9%
362017Sacrifices
9%
702017Since Way Back
9%
502017The Language
9%
3520140 To 100 / The Catch Up
7%
9720156 Man
7%
822017Can't Have Everything
7%
452017Get It Together
7%
622017Ice Melts
7%
762015I'm The Plug
7%
492017Jorja Interlude
7%
742015Live From The Gutter
7%
242012No Lie
7%
812015No Tellin'
7%
612017Nothings Into Somethings
7%
782015Plastic Bag
7%
402015R.I.C.O.
7%
952012Right Here
7%
692015Scholarships
7%
32011She Will
7%
762017Skepta Interlude
7%
122015Tuesday
7%
142016Used To This
7%
282015Where Ya At
7%
542014Who Do You Love?
7%
88201530 For 30 Freestyle
5%
282015Blessings
5%
782015Charged Up
5%
712012Diced Pineapples
5%
562013Furthest Thing
5%
512017Madiba Riddim
5%
712017No Complaints
5%
453014Odio
5%
232010Say Something
5%
892011Still Got It
5%
732016Two Birds, One Stone
5%
892011We'll Be Fine
5%
822015100
2%
5720109 AM In Dallas
2%
572012Amen
2%
812016Back On Road
2%
502011Fall For Your Type
2%
822014Mine
2%
262009Money To Blow
2%
952015Now & Forever
2%
362012Pop That
2%
582012Stay Schemin
2%
632009The One
2%
682011Unusual
2%
622016Why You Always Hatin?
2%
9020094 My Town (Play Ball)
0%
262014Believe Me
0%
922009Digital Girl
0%
72018Diplomatic Immunity Drake
0%
172010Gonorrhea
0%
672011Hate Sleeping Alone
0%
942013I Do It
0%
422010I Invented Sex
0%
402009I'm Going In
0%
792011It's Good
0%
912010Loving You No More
0%
872012Mr. Wrong
0%
372013No New Friends (SFTB Remix)
0%
362016No Shopping
0%
862011Round Of Applause
0%
532017To The Max
0%

Score Distribution

Percentile by Number Answered

Percent of People with Each Score

Your Score History

You have not taken this quiz